| 000 | 00356nam a22001337a 4500 | ||
|---|---|---|---|
| 008 | 250414b |||||||| |||| 00| 0 eng d | ||
| 020 | _a9780473505 | ||
| 050 |
_aJF 1001 _b.U36 |
||
| 100 | _aUjo A. Abdulhameed | ||
| 245 | _aUnderstanding Election | ||
| 260 |
_aNigeria _bAnyoato Enterprises & Publishers (Nigeria) Ltd _c2002 |
||
| 300 | _a303p. | ||
| 942 | _cBK | ||
| 999 |
_c2965 _d2965 |
||